<?xml version="1.0" encoding="UTF-8"?><?xml-stylesheet type="text/xsl" href="static/style.xsl"?><OAI-PMH xmlns="http://www.openarchives.org/OAI/2.0/" xmlns:xsi="http://www.w3.org/2001/XMLSchema-instance" xsi:schemaLocation="http://www.openarchives.org/OAI/2.0/ http://www.openarchives.org/OAI/2.0/OAI-PMH.xsd"><responseDate>2026-04-17T07:03:39Z</responseDate><request verb="GetRecord" identifier="oai:www.recercat.cat:11351/10144" metadataPrefix="marc">https://recercat.cat/oai/request</request><GetRecord><record><header><identifier>oai:recercat.cat:11351/10144</identifier><datestamp>2025-10-24T08:28:35Z</datestamp><setSpec>com_2072_451660</setSpec><setSpec>com_2072_378040</setSpec><setSpec>col_2072_451662</setSpec></header><metadata><record xmlns="http://www.loc.gov/MARC21/slim" xmlns:dcterms="http://purl.org/dc/terms/" xmlns:xsi="http://www.w3.org/2001/XMLSchema-instance" xmlns:doc="http://www.lyncode.com/xoai" xsi:schemaLocation="http://www.loc.gov/MARC21/slim http://www.loc.gov/standards/marcxml/schema/MARC21slim.xsd">
   <leader>00925njm 22002777a 4500</leader>
   <datafield ind2=" " ind1=" " tag="042">
      <subfield code="a">dc</subfield>
   </datafield>
   <datafield ind2=" " ind1=" " tag="720">
      <subfield code="a">Luis-Ruiz, Sandra</subfield>
      <subfield code="e">author</subfield>
   </datafield>
   <datafield ind2=" " ind1=" " tag="720">
      <subfield code="a">Sanchez-Castañeda, Cristina</subfield>
      <subfield code="e">author</subfield>
   </datafield>
   <datafield ind2=" " ind1=" " tag="720">
      <subfield code="a">Miserachs-González, Sara</subfield>
      <subfield code="e">author</subfield>
   </datafield>
   <datafield ind2=" " ind1=" " tag="720">
      <subfield code="a">Ramon-Krauel, Marta</subfield>
      <subfield code="e">author</subfield>
   </datafield>
   <datafield ind2=" " ind1=" " tag="720">
      <subfield code="a">Lerin, Carles</subfield>
      <subfield code="e">author</subfield>
   </datafield>
   <datafield ind2=" " ind1=" " tag="720">
      <subfield code="a">Sánchez Garre, Consuelo</subfield>
      <subfield code="e">author</subfield>
   </datafield>
   <datafield ind2=" " ind1=" " tag="720">
      <subfield code="a">MIRÓ SANCHO, NÚRIA</subfield>
      <subfield code="e">author</subfield>
   </datafield>
   <datafield ind2=" " ind1=" " tag="720">
      <subfield code="a">Martínez, Sònia</subfield>
      <subfield code="e">author</subfield>
   </datafield>
   <datafield ind2=" " ind1=" " tag="720">
      <subfield code="a">Garolera, Maite</subfield>
      <subfield code="e">author</subfield>
   </datafield>
   <datafield ind2=" " ind1=" " tag="260">
      <subfield code="c">2023-08-24T08:07:10Z</subfield>
   </datafield>
   <datafield ind2=" " ind1=" " tag="260">
      <subfield code="c">2023-08-24T08:07:10Z</subfield>
   </datafield>
   <datafield ind2=" " ind1=" " tag="260">
      <subfield code="c">2023-02-17</subfield>
   </datafield>
   <datafield ind2=" " ind1=" " tag="520">
      <subfield code="a">Obesitat en els infants; Qualitat de vida; Cognició</subfield>
   </datafield>
   <datafield ind2=" " ind1=" " tag="520">
      <subfield code="a">Obesidad pediátrica; Calidad de vida; Cognición</subfield>
   </datafield>
   <datafield ind2=" " ind1=" " tag="520">
      <subfield code="a">Pediatric obesity; Quality of life; Cognition</subfield>
   </datafield>
   <datafield ind2=" " ind1=" " tag="520">
      <subfield code="a">Background: Children with obesity have a higher risk of future health and psychological problems. Executive functions (EFs) play a key role in successful dietetic and exercise planning; therefore, new treatments aimed at improving EFs may optimize outcomes.&#xd;
Objectives: This study evaluates the impact of EF training on body mass index (BMI), food choice, and cognition in children with obesity. We also examine their real-life executive functioning, emotional state, and quality of life.&#xd;
Methods: Randomized controlled double-blind trial. Forty-six children with obesity were randomly allocated into an executive functions training or a control task training group and attended 30-45 min of daily training (5/week over 6 weeks), with both groups receiving counseling on diet and wearing an activity/sleep tracker. Participants were evaluated at baseline and after treatment.&#xd;
Results: BMI decreased over time in the whole sample, although there were no differences between groups at post-training in BMI, food choice, and cognition. Both groups showed significant improvements in attention, speed, cognitive flexibility, and inhibitory control. Additionally, there were some benefits in real-life executive functioning and self-esteem. Over the 6 weeks, participants showed worse food choices in both groups.&#xd;
Conclusions: EFs training showed a lack of significant effects. The executive function enhancement alone did not explain these changes, as there were no significant differences between the experimental groups. It might be that the control task training could also produce some benefits, and multi-component interventions might be useful for weight loss.</subfield>
   </datafield>
   <datafield ind2=" " ind1=" " tag="520">
      <subfield code="a">This study was financed by Fundació La Marató de TV3 (Grant 201616-10), by Agència de Gestió d’Ajuts Universitaris i de Recerca (AGAUR) from Generalitat de Catalunya (Grant 2017SGR0748) and by a predoctoral grant from AGAUR (Grant FI-DGR 2018) to SL.</subfield>
   </datafield>
   <datafield ind1="8" ind2=" " tag="024">
      <subfield code="a">http://hdl.handle.net/11351/10144</subfield>
   </datafield>
   <datafield tag="653" ind2=" " ind1=" ">
      <subfield code="a">Obesitat en els infants</subfield>
   </datafield>
   <datafield tag="653" ind2=" " ind1=" ">
      <subfield code="a">Qualitat de vida</subfield>
   </datafield>
   <datafield tag="653" ind2=" " ind1=" ">
      <subfield code="a">Cognició</subfield>
   </datafield>
   <datafield tag="653" ind2=" " ind1=" ">
      <subfield code="a">DISEASES::Nutritional and Metabolic Diseases::Nutrition Disorders::Overnutrition::Obesity::Pediatric Obesity</subfield>
   </datafield>
   <datafield tag="653" ind2=" " ind1=" ">
      <subfield code="a">ANTHROPOLOGY, EDUCATION, SOCIOLOGY, AND SOCIAL PHENOMENA::Social Sciences::Quality of Life</subfield>
   </datafield>
   <datafield tag="653" ind2=" " ind1=" ">
      <subfield code="a">PSYCHIATRY AND PSYCHOLOGY::Psychological Phenomena::Mental Processes::Cognition</subfield>
   </datafield>
   <datafield tag="653" ind2=" " ind1=" ">
      <subfield code="a">ENFERMEDADES::enfermedades nutricionales y metabólicas::trastornos nutricionales::hipernutrición::obesidad::obesidad pediátrica</subfield>
   </datafield>
   <datafield tag="653" ind2=" " ind1=" ">
      <subfield code="a">ANTROPOLOGÍA, EDUCACIÓN, SOCIOLOGÍA Y FENÓMENOS SOCIALES::ciencias sociales::calidad de vida</subfield>
   </datafield>
   <datafield tag="653" ind2=" " ind1=" ">
      <subfield code="a">PSIQUIATRÍA Y PSICOLOGÍA::fenómenos psicológicos::procesos mentales::cognición</subfield>
   </datafield>
   <datafield ind2="0" ind1="0" tag="245">
      <subfield code="a">Influence of Executive Function Training on BMI, Food Choice, and Cognition in Children with Obesity: Results from the TOuCH Study</subfield>
   </datafield>
</record></metadata></record></GetRecord></OAI-PMH>